Reforma policial en Amércia Latina /

Sparad:
Bibliografiska uppgifter
Huvudupphovsman: Dammert, Lucía
Materialtyp: Text
Ämnen:
Taggar: Lägg till en tagg
Inga taggar, Lägg till första taggen!

MARC

LEADER 00000 a a2200000 04500
001 13185
003
040
100 |a Dammert, Lucía  
245 |a Reforma policial en Amércia Latina /  |c Lucía Dammert 
500 |a Resumen también en inglés  
650 |a POLICIA  
650 |a ADMINISTRACION DE JUSTICIA  
650 |a VIOLENCIA  
650 |a CIUDADANIA  
650 |a REPRESION  
650 |a CORRUPCION  
650 |a DEMOCRACIA  
773 |g número 12 otoño; páginas 53-64  
999 |c 38669  |d 38669